[Event "Candidates Tournament"]
[Site "London"]
[Date "2013.03.29"]
[Round "12"]
[White "Aronian, Levon"]
[Black "Kramnik, Vladimir"]
[Result "0-1"]
[WhiteElo "2809"]
[BlackElo "2810"]
[Annotator "Postny,E"]
[PlyCount "124"]
[EventDate "2013.03.15"]
[EventType "tourn"]
[EventRounds "14"]
[EventCountry "ENG"]
[EventCategory "22"]
[SourceTitle "CBM 154"]
[Source "ChessBase"]
[SourceDate "2013.05.15"]
[SourceVersion "1"]
[SourceVersionDate "2013.05.15"]
[SourceQuality "1"]

1. d4 Nf6 2. c4 e6 3. Nf3 d5 4. Nc3 c5 5. cxd5 Nxd5 6. e3 ({The main line is} 
6. e4 Nxc3 7. bxc3 cxd4 8. cxd4 Bb4+ 9. Bd2 Bxd2+ 10. Qxd2 O-O {White has a
space advantage, but Black's position is out of weaknesses and his majority on
the queenside might tell in a certain endgame.}) 6... Nc6 7. Bd3 Be7 8. a3 O-O
9. Qc2 {Levon is trying to gain something by a slightly tricky order of moves.
Objectively, the main move 9.0-0 is more promising.} ({The position after} 9.
O-O cxd4 10. exd4 {may arise also from the Panov Attack in the Caro-Kann.})
9... cxd4 10. exd4 f5 $1 $146 {The idea itself is not new, but in this
particular position it hasn't appeared beforehand. Black is going to put the
bishop on f6, pressing the Pd4. In a later interview Kramnik said that he
figured out this plan over the board. Well done! The previously played 10...h6
is also perfectly playable.} (10... h6 11. O-O Bf6 12. Rd1 (12. Be3 Nce7 13.
Ne4 b6 14. Rad1 Bb7 $11) 12... Qb6 13. Bc4 Rd8 14. Ne2 Bd7 15. Qe4 Nce7 16. Bd3
Ba4 (16... Ng6 $142) 17. Qh7+ Kf8 18. Re1 Bb5 19. Bxb5 Qxb5 20. Ng3 Ng6 21. Ne5
Nde7 22. Bxh6 $1 $40 {1-0 (41) Smyslov,V (2600)-Ribli,Z (2615) London 1983})
11. O-O Bf6 12. Nxd5 Qxd5 13. Be3 b5 $1 {Developing the queenside and, at the
same time, covering the c4-square.} (13... Nxd4 $2 14. Bxd4 Bxd4 15. Bc4 Qc5
16. Rad1 {The black bishop has nowhere to go as it is tied to protecting the
queen.} b5 $8 17. Rxd4 bxc4 18. Rxc4 {and White is clearly better as the
knight is going to occupy the commanding e5-outpost.}) 14. Qe2 (14. Qc5 Qxc5
15. dxc5 a6 16. a4 b4 $11) 14... Bb7 15. Rac1 $6 {Levon definitely saw the
possibility to force a draw after 15.Bxb5, but decided to play for a win.
Objectively speaking his position is not better, but in the current tournament
situation only a win could keep him in the race for the first place.} (15. Bxb5
{could force a draw by repetition:} f4 16. Bc4 Qe4 17. Bd3 Qd5 $11) 15... a6
16. Rfd1 f4 $5 {Kramnik decided to force matters.} (16... Rac8 17. Rc5 Qd6 {
was very good for Black as well. The idea f5-f4 is a potential threat.} (17...
Nxd4 $6 18. Bxd4 Rxc5 19. Bxc5 Qxc5 20. Qxe6+ Kh8 21. b4 Qc3 22. Qxf5 g6 $11))
17. Rc5 (17. Bxf4 $2 Nxd4 $19) (17. Rxc6 $2 Qxc6 18. Bxf4 Bxd4 $19) 17... Qd6
18. Qc2 $2 {Both players had to calculate a lot.} (18. Bxf4 $1 Qxf4 19. Qxe6+
Kh8 (19... Rf7 $2 20. Bxh7+ Kf8 21. Bg6 Nd8 22. Qh3 $16) 20. Rh5 (20. Rxc6 $2
Bxc6 21. Qxc6 Bxd4 22. Qe4 Qxe4 23. Bxe4 Rad8 $1 24. Nxd4 (24. Rxd4 $2 Rxd4 25.
Nxd4 Rd8 $19) 24... Rf7 {[%cal Gf7d7] Black gains the piece back and remains
with an extra exchange in the endgame.}) 20... h6 21. Nh4 $1 {This idea is
very difficult to spot in advance.} Ne7 (21... Bxh4 $4 22. Qg6 {is the point.})
(21... Ne5 22. Rxe5 Bxh4 23. Qg6 Qxf2+ 24. Kh1 Bxg2+ 25. Qxg2 Qxg2+ 26. Kxg2 {
and it should be a draw thanks to the opposite coloured bishops.}) 22. g3 Qxd4
23. Qxe7 $1 Qxf2+ $1 (23... Bxe7 $2 24. Ng6+ Kg8 25. Nxe7+ Kf7 26. Bg6+ Kxe7
27. Rxd4 $14) 24. Kxf2 Bxe7+ 25. Kg1 Bf6 $1 26. Ng6+ Kg8 27. Nxf8 Bf3 28. Rd2
Bxh5 29. Nd7 {and White survives somehow.}) (18. Bd2 $2 Nxd4 19. Nxd4 Qxc5 20.
Qxe6+ Rf7 21. Bxh7+ Kxh7 22. Qxf7 Qxd4 23. Qxb7 Rd8 {and the pin along the
d-file will cost White material.}) 18... fxe3 19. Bxh7+ Kh8 20. fxe3 Ne7 $2 {
Another human move and another mistake.} (20... Rac8 $1 {preparing the
counterstrike ...Nxd4!} 21. Rh5 Nxd4 22. Qd3 (22. Bg8+ $2 Kxg8 23. Qh7+ Kf7 $19
) 22... Bxf3 23. gxf3 Nxf3+ 24. Kg2 Qxd3 25. Bxd3+ Kg8 26. Kxf3 Bxb2+ 27. Ke2
Bxa3 {and Black should win.}) 21. e4 $2 (21. Rh5 {This move is so tempting, I
don't know how Levon managed to resist playing it. This position is already in
White's favour!} Rac8 (21... Bxf3 22. gxf3 Rac8 23. Qg2 $40) 22. Qe2 $1 (22.
Ne5 $6 Bxe5 (22... Rxc2 $6 {falls into the classical tactics, like from the
old books:} 23. Bxc2+ Kg8 24. Bh7+ Kh8 25. Bg6+ Kg8 26. Bf7+ $1 Rxf7 27. Rh8+
$1 Kxh8 28. Nxf7+ Kg8 29. Nxd6 {This position is still difficult to estimate.
White's rook + two pawns should be superior to Black's pair of bishops.}) 23.
dxe5 Qb6 24. Qd3 Rcd8 25. Qxd8 Qxe3+ (25... Rxd8 $4 26. Rxd8+ Qxd8 27. Bf5+ Kg8
28. Bxe6+ Kf8 29. Rh8+ Ng8 30. Rxg8+ Ke7 31. Rxd8 $18) 26. Kh1 Bxg2+ $1 27.
Kxg2 Qf3+ 28. Kg1 Qf2+ $11) 22... g6 (22... Bxf3 23. Qxf3 Bg5 24. Bb1+ Bh6 25.
Qe4 Nf5 26. g4 Rce8 27. Kh1 $1 $16) 23. Bxg6+ Kg7 24. Bb1 Kf7 25. Ne5+ Ke8 26.
Rh7 $40) 21... Rac8 $2 (21... Qf4 {was far more convincing} 22. Rh5 g6 $1 {
is the most precise way to defuse White's attack} (22... Ng8 {[%cal Gg8h6] is
a good defensive move.}) 23. Bxg6+ Kg7 $19) 22. e5 {The next five-six moves
are pretty forced.} Bxe5 23. Nxe5 (23. Rxc8 $2 Rxc8 24. dxe5 Qb6+ 25. Qf2 Qxf2+
26. Kxf2 Kxh7 $19) 23... Rxc5 24. Ng6+ $1 (24. Qxc5 Qxc5 25. dxc5 Kxh7 26. Rd7
Nc6 {and Black keeps the extra piece.}) 24... Nxg6 25. dxc5 {[%tqu "En","A lot
of pieces are hanging. What should be done?","","","b7e4","",5]} Be4 $1 26.
Rxd6 Bxc2 27. Bxg6 Bxg6 28. Rxe6 (28. Rxa6 Bd3 29. h4 e5 $19) 28... Bd3 29. h4
a5 30. c6 Rf1+ $2 {This is according to the rule to put the rook behind the
pawn, but here this was the case for an exception!} (30... Rc8 $1 31. Kf2 Bc4
32. Rd6 Bf7 {[%csl Rc6][%cal Gf7e8] Black wins the annoying pawn and rest is a
matter of technique.}) 31. Kh2 Rc1 32. Re3 $1 Bb1 33. Rc3 {The point. White
saves the important c-pawn.} Rxc3 34. bxc3 {Black's extra piece is not enough
for a win. White has a strong passed pawn and another potential passer on the
kingside.} Kg8 35. c7 Bf5 36. Kg3 Kf7 37. Kf4 Bc8 38. Kg5 Bd7 {Black has to
wait with the bishop until White runs out of useful moves.} 39. h5 Be6 40. g3
a4 (40... Ke7 41. Kg6 Kf8 42. Kg5 $11) 41. g4 Kf8 42. Kf4 Ke7 {Now the king
can go to pick up the pawn, but it's not enough for a win.} 43. g5 Kd7 44. Ke5
Bg8 45. c8=Q+ {Not a mistake, but requires precise calculation.} (45. Kd4 {
was the easiest way:} Kxc7 46. Kc5 Bc4 47. h6 gxh6 48. gxh6 Bd3 49. Kd4 Bh7 50.
c4 {exchanging the b-pawn and then White's king reaches the safe a1 corner.
Just a draw.}) 45... Kxc8 46. Kd6 Kd8 47. Kc6 Ke7 48. Kxb5 Ke6 49. Kxa4 Kf5 50.
g6 $4 {Choosing between 50.g6 and 50.h6 Levon didn't manage to calculate well.}
(50. h6 g6 51. Kb5 Kxg5 52. a4 Kxh6 53. a5 g5 54. a6 g4 (54... Bd5 55. c4 Be4
56. c5 g4 57. c6 g3 58. a7 g2 59. a8=Q g1=Q $11) 55. c4 g3 56. a7 g2 57. a8=Q
g1=Q $11) 50... Kg5 51. Kb5 Kxh5 52. a4 Kxg6 53. a5 Kf6 54. a6 (54. c4 Ke5 55.
c5 g5 56. a6 Bd5 57. Kb6 g4 58. a7 Ba8 $1 59. c6 Kd6 60. c7 Kd7 $19) 54... Bd5
55. c4 Ba8 56. Kb6 Ke5 {Black's pieces are just in time to stop the white
pawns.} 57. Kc7 g5 58. Kb8 Be4 59. Kc7 g4 60. a7 g3 61. c5 Ba8 62. Kb8 Bc6 {
An epic fight. There were many mistakes which are not typical for these two
great players. However, let's not forget that this was already round twelve of
the very tense tournament with a lot at stake. At the press conference after
the battle both grandmasters looked completely exhausted.} 0-1

[Event "Candidates Tournament"]
[Site "London"]
[Date "2013.03.29"]
[Round "12"]
[White "Carlsen, Magnus"]
[Black "Ivanchuk, Vassily"]
[Result "0-1"]
[WhiteElo "2872"]
[BlackElo "2757"]
[Annotator "Kritz,L"]
[PlyCount "180"]
[EventDate "2013.03.15"]
[EventType "tourn"]
[EventRounds "14"]
[EventCountry "ENG"]
[EventCategory "22"]
[SourceTitle "CBM 154"]
[Source "ChessBase"]
[SourceDate "2013.05.15"]
[SourceVersion "1"]
[SourceVersionDate "2013.05.15"]
[SourceQuality "1"]

1. e4 {Mueller,Ka} c5 2. Nf3 Nc6 3. Nc3 e6 ({Wenn Schwarz ganz prinzipiell
spielen will, kann er mit} 3... e5 {fortfahren:} 4. Bc4 d6 5. d3 Be7 {mit
vielen theoretischen Varianten.}) 4. d4 cxd4 5. Nxd4 Qc7 6. Be3 a6 7. Qd2 {
Das ist die populärste und wohl auch die stärkste Fortsetzung gegen das
Paulsen-System.} (7. Bd3 Nf6 8. O-O Nxd4 $1 {Ich finde das Nehmen sehr gut für
Schwarz.} 9. Bxd4 Bc5 10. Bxc5 (10. Bxf6 $2 gxf6 11. Qg4 Kf8 12. Kh1 h5 13. Qh4
Be7 14. f4 b5 $132) 10... Qxc5 11. Kh1 d6 12. f4 e5 $132) (7. Be2 Nf6 8. O-O
Bb4 9. Na4 Be7 10. Nxc6 bxc6 11. Nb6 Rb8 12. Nxc8 Qxc8 13. Bd4 c5 14. Be5 Rb6
$132 {Auch hier hat Schwarz gute Aussichten.}) 7... Nf6 8. O-O-O Bb4 9. f3 Ne7
$5 {Diese Variante war und bleibt eine der größten Fragen, die Weiß noch zu
beantworten hat.} (9... b5 10. Bf4 Ne5 11. Nc6 $3 {Dank dieses Tricks bekommt
Weiß eine sehr angenehme Stellung.} Nd3+ (11... Qxc6 12. Bxe5 Bb7 13. Qg5 $16)
(11... Bxc3 12. bxc3 $1 Qxc6 13. Bxe5 $16) (11... dxc6 12. Bxe5 $16) 12. cxd3
Qxc6 13. Kb1 O-O 14. Rc1 $14) (9... Ne5 {Die Hauptvariante!} 10. Nb3 b5 11. Qe1
{Nun droht Nxb5.} Be7 12. f4 Ng6 13. e5 Ng4 14. Ne4 $132 {Beide Seiten haben
ihre Chancen.}) 10. Nb3 $2 {Dieser Zug wird selten gespielt und das zurecht.
Besser ist 10.Nde2.} (10. Nde2 d5 (10... b5 11. Bf4 e5 12. Bg5 Bb7 13. Kb1 $14)
11. Bg5 dxe4 12. Bxf6 gxf6 13. Qd4 exf3 14. Qxb4 fxe2 15. Bxe2 f5 $13 {Es
sieht so aus, als ob Weiß genug Kompensation für den Bauern hat, aber etwas
Konkretes gibt er auch wieder nicht. Es hat noch niemand einen eindeutigen Weg
zum Vorteil in dieser Stellung gezeigt.}) 10... d5 11. e5 {Weiß steht schon
schlechter. Nach dem Partiezug bekommt er keine einzige Chance zum Spielen.} (
11. Kb1 Bxc3 12. bxc3 O-O 13. e5 Nd7 14. f4 a5 15. Nd4 Nc5 16. Nb5 Qc6 17. Bxc5
Qxc5 18. Qd4 b6 19. Qxc5 bxc5 $15 {0-1 Cernousek,L (2417)-Chloupek,S (2317)/
Czechia 2009/EXT 2011 (40)}) 11... Nd7 $15 {Es ist sehr komisch, dass Carlsen
diese Variante gewählt hat. Ich vermute, dass er etwas verwechselt hat, weil
Weiß hier einfach eine schlechte Bauernstruktur bekommt, ohne jegliche
Kompensation.} 12. f4 b6 13. Bd4 {Etwas stärker war doch a3, dann behält man
zumindest den schwarzfeldrigen Läufer.} (13. a3 Bxc3 14. Qxc3 Qxc3 15. bxc3 Bb7
16. Kd2 Kd8 17. Be2 Kc7 $15 {1-0 Piorun,K (2445)-Vovk,Y (2549)/Warsaw 2008/CBM
125 Extra (44)}) 13... Nc5 {Jetzt ist die Stellung von Weiß schon kritisch.}
14. a3 $2 {Und wieder nicht die beste Entscheidung! Offensichtlich hat Carlsen
einfach einen schlechten Tag erwischt.} (14. Bxc5 $1 Bxc5 (14... bxc5 15. a3
Bxc3 16. Qxc3 c4 17. Nd4 $132) 15. Kb1 O-O (15... Bb4 $2 16. Nb5 $1 $16) 16.
Bd3 Bd7 $15) 14... Ne4 15. Qe1 Nxc3 16. Bxc3 (16. axb4 Nxd1 $19) 16... Bxc3 17.
Qxc3 Qxc3 18. bxc3 $17 {Nach nur 18 Zügen hat Weiß alle Chancen auf aktives
Spiel verloren und muss nun ums Remis kämpfen. Gegen einen Spieler von solcher
Klasse wie Ivanchuk kann man solche Stellungen kaum halten.} a5 $6 {Als erstes
kommt der "schlechte" Läufer raus, wobei das auch einen Nachteil hat - das
Feld b5 wird geschwächt.} 19. Nd4 (19. c4 $5 O-O 20. cxd5 Nxd5 21. g3 a4 22.
Nd4 Ne3 23. Re1 Bb7 $17) 19... Ba6 20. Bd3 $1 {Wenn Schwarz auf d3 nimmt, wird
die weiße Bauernstruktur sofort verbessert.} (20. Nb5 $6 Kd7 21. Bd3 Bxb5 $1
22. Bxb5+ Kc7 $17 {Dieses Materialverhältnis ist das schlechteste für Weiß.})
20... Kd7 (20... Bxd3 $4 21. cxd3 $14) 21. Kd2 Nc6 $1 {Ivanchuk spielt sehr
genau. Man muss alle starken Figuren von Weiß abtauschen, um dann gegen die
Schwächen spielen zu können.} 22. Rb1 (22. Nb5 f6 $1 23. exf6 gxf6 $17 {
Schwarz wird bald zu ...e5 kommen.}) (22. Bb5 Bxb5 23. Nxb5 g5 $1 {Typischer
Zug für diese Bauernstruktur.} 24. g3 Rag8 $17) 22... Bxd3 $1 {Jetzt kann
Schwarz auf d3 nehmen, weil Weiß nicht mit dem Bauern zurückschlagen kann.} 23.
Kxd3 (23. cxd3 Nxd4 24. cxd4 Kc6 25. Rb2 Kb7 26. Rhb1 Ra6 $15 {Demnächst kommt
Rc8-Rc6 und dann wird sich der Turm a6 befreien können.}) (23. Nxc6 Bxc2 24.
Kxc2 (24. Rxb6 Be4 25. Nd4 Rhb8 $19) 24... Kxc6 $19) 23... Rab8 {Weiß kann die
Stellung wahrscheinlich halten, wenn er die Türme auf der b-Linie verdoppelt.}
24. Nb5 $2 (24. Rb2 f6 25. Nxc6 Kxc6 26. Re1 Rhf8 27. g3 $15) 24... g5 $1 {
Jetzt kommt Schwarz auch noch von der anderen Seite.} 25. g3 Rhg8 26. c4 (26.
Nd6 gxf4 27. gxf4 f6 $19) (26. Rhg1 Ne7 $17) 26... gxf4 {Das Nehmen auf c4 war
gut genug.} (26... dxc4+ 27. Kxc4 gxf4 28. gxf4 Rg4 $19 {Beide Bauern e5 und
f4 hängen.}) 27. gxf4 Ne7 $2 {Ivanchuk macht ebenfalls einen Fehler. Nach 27...
.dxc4 könnte Weiß aufgeben.} (27... dxc4+ 28. Kxc4 (28. Kc3 Ne7 $19) 28... Rg4
29. Rhf1 Nxe5+ $19) 28. Rhg1 {Nun hat Schwarz das Feld g4 nicht mehr zur
Verfügung.} dxc4+ 29. Kxc4 Nd5 (29... Rbc8+ 30. Kb3 Nd5 31. Rxg8 Rxg8 32. Rd1
Kc6 33. c4 Nxf4 34. Rd6+ Kb7 (34... Kc5 $4 35. Nc3 $18) 35. Rd7+ $14) 30. Nd6
Kc6 31. Nxf7 Nxf4 {Auch nach 31....Rgf8 steht Schwarz besser.} (31... Rgf8 32.
Ng5 Rxf4+ 33. Kb3 Re8 34. Rbe1 h6 35. Ne4 Rh4 $15) 32. Kb3 {Vermutlich waren
beide Spieler schon in Zeitnot.} (32. Rbd1 $1 Rxg1 (32... Nd5 33. Kd4 $11) 33.
Rxg1 b5+ 34. Kb3 Kc5 35. Rf1 Ne2 36. c3 b4 37. cxb4+ axb4 38. Ng5 $1 (38. axb4+
Rxb4+ 39. Kc2 Rf4 40. Rxf4 Nxf4 41. Ng5 h6 42. Nf7 h5 43. Kd2 Kd4 $19) 38...
Nd4+ 39. Kb2 bxa3+ 40. Kxa3 $15 {Schwarz steht besser, aber Weiß hat gute
Chancen, um Remis zu halten.}) 32... Kc5 (32... Rgf8 $5 33. Ng5 Rf5 34. Rbf1
Rg8 35. Nxh7 Rxg1 36. Rxg1 Rxe5 $15) 33. Ng5 h6 34. Ne4+ Kd4 35. Nf6 Rxg1 36.
Rxg1 Rc8 $1 {Genau gespielt! Schwarz muss seinen Turm aktivieren.} (36... Kxe5
$4 37. Nd7+ $18) 37. Re1 (37. Rd1+ Kxe5 38. Ng4+ Ke4 39. Nxh6 Ne2 $17) 37...
Rc3+ 38. Kb2 Rf3 (38... Rh3 $4 39. Re4+ $18) 39. Re4+ Kc5 40. Nd7+ Kd5 41. Nf6+
Kc5 42. Nd7+ Kc6 $1 {Schwarz will natürlich weiter spielen, seine Stellung ist
viel besser, weil sein König sehr stark ist.} 43. Nf6 (43. Rd4 Nd5 44. c4 Rf2+
45. Kb3 a4+ $1 46. Kxa4 b5+ 47. cxb5+ (47. Ka5 bxc4 48. Nb8+ Kc5 $19) 47...
Kxd7 48. Rh4 Re2 $17) 43... Ng6 {Nun droht einfach Nxe5.} 44. Rc4+ Kb5 45. Re4
$2 {Mueller,Ka: 'The passive solution makes life difficult for Carlsen.'} ({
The active} 45. Rc8 $1 {Mueller,Ka draws easier, e.g.} Nxe5 46. Ne4 Re3 47.
Nd6+ Ka4 48. Rf8 b5 (48... Rf3 49. Rxf3 Nxf3 50. c4 Nd2 51. Ka2 Nb3 52. Ne4
Nc1+ 53. Kb2 Nd3+ $11) 49. Rf4+ b4 50. axb4 axb4 51. Rf8 Ka5 52. Rb8 Re2 53.
Kb3 $11) 45... Rf5 $17 {Schwarz hat wieder sehr großen Vorteil. Weiß kann den
Bauern nicht halten.} 46. Ne8 $6 ({The computer suggestion} 46. a4+ {Mueller,Ka
} Kc5 47. Kb3 Nxe5 48. c3 {is better.}) 46... Kc5 47. Nc7 $6 ({Again the
computer solution} 47. Kb3 {Mueller,Ka} Rxe5 48. Rc4+ Kd5 {is objectivly
better, but White's house already looks very shaky.}) 47... Nxe5 $1 48. Rh4 Kd6
49. Nb5+ Kd7 50. a4 h5 51. Nd4 Rg5 52. Re4 Nc4+ 53. Kc3 Re5 $1 54. Rh4 $6 {
Mueller,Ka: 'The rook is a bit misplaced here.'} (54. Re2 $5 {Mueller,Ka is
called for.}) 54... Nd6 55. Kd3 Rd5 56. c4 Rg5 57. Nf3 Rc5 58. Nd2 Rf5 59. Nb3
Nb7 60. Rh3 Kd6 61. Kc3 Nc5 $1 62. Nxc5 Kxc5 63. Re3 (63. Rh4 {Mueller,Ka} e5
64. Kd3 Kb4 $19) 63... e5 $2 {Mueller,Ka: 'Until now Ivanchuk has played his
initiative forcefully. But now he loses control for a short moment.'} (63... h4
$1 {Mueller,Ka wins, e.g.} 64. Rxe6 (64. Kd3 e5 65. Ke4 (65. Kc3 e4 66. Rxe4
Rf3+ 67. Kc2 Rh3 $19) 65... Rf4+ 66. Kxe5 Rxc4 67. Ra3 Kb4 68. Ra1 Rc2 $19)
64... Rf3+ 65. Kb2 (65. Kd2 Rh3 $19) 65... Rh3 66. Re5+ Kb4 67. Rb5+ (67. Re2
Kxa4 $19) 67... Kxc4 68. Rxb6 Rxh2+ 69. Ka3 Rh3+ 70. Kb2 Rd3 71. Rb5 Rd5 $19)
64. h4 Kd6 65. Rd3+ Ke6 (65... Kc6 {Mueller,Ka} 66. Rd5 Rf3+ 67. Kc2 Rh3 68.
Rxe5 Rxh4 69. Kc3 Rh1 70. Re6+ Kc5 71. Re5+ Kd6 72. Rb5 Kc6 73. Kd4 h4 74. Rh5
h3 75. Rh6+ Kd7 76. Kd5 h2 77. Rh7+ Ke8 78. Kc6 Kf8 79. Rh3 Kg7 80. Kb7 $11)
66. Rg3 (66. Rd5 $2 {Mueller,Ka} Rf3+ (66... e4 $2 67. Kd4 Rxd5+ 68. cxd5+ Kf5
69. d6 Ke6 70. Kxe4 Kxd6 71. Kd4 Kc7 72. Kc3 $11) 67. Kc2 Rf4 68. Kc3 Rxh4 69.
Rb5 Rh3+ 70. Kd2 (70. Kb2 e4 71. Rxb6+ Ke5 72. c5 Kd4 73. Re6 Rc3 $19) 70... e4
71. Rxb6+ Ke5 72. c5 Rd3+ 73. Ke2 Rc3 74. Rb5 h4 75. Rxa5 (75. c6+ Kd4 $19)
75... h3 76. c6+ Kd6 77. Rh5 h2 78. Rh6+ Kc7 79. Kd2 Ra3 80. a5 Ra1 $19) 66...
Kf6 67. Rd3 Rf4 68. Rd6+ Kf5 69. Rxb6 Rxh4 70. c5 Rxa4 (70... Ke4 {Mueller,Ka}
71. c6 (71. Kc4 $11) 71... Kd5 72. Rb5+ Kxc6 73. Rxe5 $11) 71. Rh6 $2 {Mueller,
Ka: 'The large drawish tendency of rook endings still saves White, but over
the board it is next to impossible to defend this position.'} (71. c6 {Mueller,
Ka} Ke6 (71... Ra1 $6 {is met by} 72. Kb2 {when} Ra4 {is the only move to draw
for Black.}) 72. Rb5 Kd6 73. c7 Kxc7 74. Rxe5 {is a tablebase draw, e.g.} h4
75. Rh5 Kb6 76. Rh6+ Kc5 77. Rh5+ Kd6 78. Kb3 Rd4 79. Rxa5 Rd5 80. Ra6+ Ke5 81.
Rh6 Rd4 82. Kc3 Ra4 83. Kd2 Kf5 84. Ke2 Kg5 85. Rh8 $11) 71... Ke4 $1 {Mueller,
Ka: 'Ivanchuk's king crosses over to deal with the passed c-pawn himself.'} 72.
Rd6 (72. Rxh5 {Mueller,Ka} Kd5 73. c6 Rc4+ 74. Kd3 Rxc6 $19) (72. c6 {Mueller,
Ka} Kd5 73. Kd3 Rd4+ 74. Ke3 Rc4 $19) 72... Rd4 $1 73. Ra6 (73. Rxd4+ {Mueller,
Ka} exd4+ 74. Kc4 d3 75. c6 (75. Kc3 Kd5 76. Kxd3 Kxc5 $19) 75... d2 76. c7
d1=Q 77. c8=Q Qc2+ $19) 73... Kd5 74. Rxa5 (74. c6 {Mueller,Ka} Rc4+ 75. Kd3
Rxc6 76. Rxa5+ Ke6 $19) (74. Rh6 {Mueller,Ka} Kxc5 75. Rxh5 Kd5 $19) 74... Rc4+
75. Kd3 Rxc5 76. Ra4 Rc7 ({The computer move} 76... e4+ {Mueller,Ka wins
quicker as} 77. Rxe4 $6 {runs into} Rc3+ 78. Kxc3 Kxe4 79. Kd2 Kf3 80. Ke1 Kg2
$19 {[%csl Gg1,Gg2]}) 77. Rh4 Rh7 78. Ke3 Ke6 79. Ke4 Rh8 80. Ke3 Kf5 81. Ke2
Kg5 82. Re4 Re8 83. Ke3 h4 84. Ke2 h3 85. Kf2 h2 86. Kg2 h1=Q+ 87. Kxh1 Kf5 88.
Re1 Rg8 $1 {Mueller,Ka: 'The cut off decides.'} 89. Kh2 (89. Rg1 {Mueller,Ka}
Rxg1+ 90. Kxg1 Ke4 91. Kf2 Kd3 $19 {[%csl Gd3,Ge3,Gf3]}) 89... Kf4 90. Rf1+ Ke3
0-1